Pracovné systémy v personálnom riadení – zdroj inovačného potenciálu malých a stredných podnikov

Vývoj pracovných systémov organizácie práce a riadenie v súčasných systémoch riadenia ľudských zdrojov konkurencieschopných podnikov. Možnosti aplikácie v malých a stredných podnikoch.

Gespeichert in:
Bibliographische Detailangaben
1. Verfasser: Blštáková, Jana, 1980-
Format: Buchkapitel
Sprache:Slowakisch
Schlagworte:
Tags: Tag hinzufügen
Keine Tags, Fügen Sie das erste Tag hinzu!

MARC

LEADER 00000naa$a2200000$$$4500
001 0226347
005 20240502073723.8
041 0 |a slo 
044 |a SK 
245 1 0 |a Pracovné systémy v personálnom riadení – zdroj inovačného potenciálu malých a stredných podnikov  |c Jana Blštáková 
520 |a Vývoj pracovných systémov organizácie práce a riadenie v súčasných systémoch riadenia ľudských zdrojov konkurencieschopných podnikov. Možnosti aplikácie v malých a stredných podnikoch. 
610 2 0 |a manažment 
610 2 0 |a riadenie 
610 2 0 |a vedenie ľudí 
610 2 0 |a technika riadenia 
610 2 0 |a organizácia práce 
610 2 0 |a flexibilita 
610 2 0 |a podnik malý 
610 2 0 |a podnik stredný 
100 1 |a Blštáková, Jana, 1980-